000 00567nam a22001937a 4500
999 _c16114
_d16114
008 160929b xxu||||| |||| 00| 0 eng d
020 _a1473912755
040 _aKABU
_cKABU
050 _aHV29.7
_b.M67 2015 C.1
100 _aMoss, Bernard
245 _aCommunication skills in health and social care
_cby Bernard Moss
250 _a3rd ed.
260 _aNew Delhi
_bSage
_c2015
300 _a222 p.
650 _2Communication in social work
650 _2Communication in medicine
650 _2Allied health personnel and patient
942 _2lcc
_cBK
_e3rd ed.